[Event "Najdorf Memorial Open"]
[Site "Warsaw POL"]
[Date "2008.08.03"]
[Round "2"]
[White "Mandecki,M"]
[Black "Pozzo,S"]
[Result "1-0"]
[WhiteElo "2140"]
[BlackElo "1980"]

1.d4 Nf6 2.c4 g6 3.Nc3 Bg7 4.e4 d6 5.Nf3 O-O 6.Be2 e5 7.O-O Nc6 8.d5 Ne7
9.Nd2 a5 10.b3 Kh8 11.a3 Nd7 12.Ra2 f5 13.f3 f4 14.Kh1 g5 15.Qe1 Qe8 16.Nb5 Qh5
17.Nxc7 Rf6 18.g4 fxg3 19.Qxg3 Rb8 20.Rg1 Rg6 21.Nf1 Nf6 22.Nb5 g4 23.Nxd6 gxf3
24.Qxf3 Ng4 25.Nxc8  1-0

[Event "12th HZ Open"]
[Site "Vlissingen NED"]
[Date "2008.08.04"]
[Round "4"]
[White "Galle,A"]
[Black "Vanderhallen,N"]
[Result "0-1"]
[WhiteElo "1961"]
[BlackElo "2225"]

1.d4 Nf6 2.c4 g6 3.Nc3 Bg7 4.e4 d6 5.Nf3 O-O 6.Be2 e5 7.O-O Nc6 8.d5 Ne7
9.Nd2 a5 10.a3 Nd7 11.Rb1 f5 12.b4 axb4 13.axb4 Kh8 14.Qc2 Nf6 15.f3 Bh6
16.Nb3 Bxc1 17.Rbxc1 f4 18.c5 Bd7 19.Ra1 Rb8 20.Nd2 g5 21.Nc4 Ng6 22.Qa2 g4
23.fxg4 Nxg4 24.c6 bxc6 25.dxc6 Be6 26.Nd5 Nf6 27.Nxf6 Qxf6 28.Qd2 Nh4 29.Qc3 Qg6
30.Bf3 Nxf3+ 31.Rxf3 Qxe4 32.Nd2 Qxb4 33.Qxb4 Rxb4 34.Ra7 Rf7 35.Rc3 Bd5
36.Nf3 Rb8 37.Kf2 Rb2+ 38.Kf1 Rb6 39.Ng5 Re7 40.Ra8+ Kg7 41.Rh3 h6  0-1

[Event "Najdorf Memorial Open"]
[Site "Warsaw POL"]
[Date "2008.08.06"]
[Round "5"]
[White "Mandecki,M"]
[Black "Zakhartsov,Vl"]
[Result "1/2-1/2"]
[WhiteElo "2140"]
[BlackElo "2023"]

1.d4 Nf6 2.c4 g6 3.Nc3 Bg7 4.e4 d6 5.Nf3 O-O 6.Be2 e5 7.O-O Nc6 8.d5 Ne7
9.Nd2 Nd7 10.f4 exf4 11.Nf3 f5 12.exf5 Nxf5 13.Bxf4 Nc5 14.Qd2 Bd7 15.Rae1 Nh4
16.b4 Na6 17.Nxh4 Qxh4 18.g3 Qf6 19.Nb5 Qb2 20.Qxb2 Bxb2 21.a3 Bh3 22.Rf3 Rae8
23.Re3 Rxe3 24.Bxe3 Re8 25.Bd3 Bc1 26.Bf2 Rxe1+ 27.Bxe1 Kf7 28.Kf2 Ke7 29.Be2 Bd7
30.Bc3 Bxb5 31.cxb5 Nb8 32.a4 Nd7 33.Kf3 Nb6 34.Ke4 Nxa4 35.Be1 Bb2 36.Kd3 Nb6
37.Bf3 Kf6 38.Ke4 Nc4 39.h4 h6 40.g4 g5 41.hxg5+ hxg5 42.Be2 Ne5 43.Bd2 Nd7
44.Be3 Nb6 45.Bd4+ Bxd4 46.Kxd4 Nd7 47.Bd1 Ne5 48.Be2 Ng6 49.Bf3 Nf4 50.Bd1 Ng6
51.Bf3 Ne7 52.Be2 Kf7 53.Bf3 Ke8 54.Be4 Kd7 55.Kc4 c6 56.bxc6+ bxc6 57.dxc6+ Nxc6
58.b5 Ne5+ 59.Kd5 Kc7 60.Bf5  1/2-1/2

[Event "FSIMB August"]
[Site "Budapest HUN"]
[Date "2008.08.07"]
[Round "6"]
[White "Kislik,E"]
[Black "Csirik,A"]
[Result "0-1"]
[WhiteElo "2302"]
[BlackElo "2272"]

1.d4 Nf6 2.c4 g6 3.Nc3 Bg7 4.e4 d6 5.Nf3 O-O 6.Be2 e5 7.O-O Nc6 8.d5 Ne7
9.Ne1 Nd7 10.Be3 f5 11.f3 f4 12.Bf2 g5 13.Rc1 Rf6 14.c5 Nxc5 15.b4 Na6 16.Nb5 Bd7
17.Nxa7 Qb8 18.Bb5 Bxb5 19.Nxb5 c6 20.Nc3 Nxb4 21.Qb3 c5 22.a3 Na6 23.Rb1 Ra7
24.Nd3 Nc8 25.Qc4 Rf7 26.Rb3 Nc7 27.Rfb1 b5 28.Nxb5 Nxb5 29.Rxb5 Rfb7 30.Bxc5 Rxb5
31.Rxb5 Qc7 32.Qb4 dxc5 33.Rxc5 Qb6 34.Kf1 Qa6 35.Ke2 Bf8 36.d6 Nxd6 37.Rxe5 h6
38.h4 Rb7 39.Ra5 Qc6 40.Qc5 Qxc5 41.Rxc5 Nxe4 42.fxe4 Bxc5 43.Nxc5 Rb5 44.Nd3 Ra5
45.hxg5 hxg5 46.Ne1 Kf7 47.Kf3 Rxa3+ 48.Kg4 Kg6 49.Nf3 Ra2 50.Kh3 Kh5 51.g4+ Kg6
52.e5 Re2  0-1

[Event "Najdorf Memorial Open"]
[Site "Warsaw POL"]
[Date "2008.08.07"]
[Round "6"]
[White "Szymanski,M"]
[Black "Worek,J"]
[Result "1-0"]
[WhiteElo "2412"]
[BlackElo "2294"]

1.d4 g6 2.e4 Bg7 3.c4 d6 4.Nc3 Nf6 5.Nf3 O-O 6.Be2 e5 7.O-O Nc6 8.d5 Ne7
9.b4 Nh5 10.Re1 Nf4 11.Bf1 a5 12.Ba3 b6 13.bxa5 f5 14.Nd2 fxe4 15.Ndxe4 Nf5
16.g3 Nh5 17.Bg2 Nd4 18.Bb4 bxa5 19.Ba3 Rf7 20.Nb5 Nxb5 21.cxb5 Rb8 22.Rb1 Bf5
23.Qa4 Nf6 24.Ng5 Re7 25.Rbd1 Qd7 26.Bf1 Bh6 27.Bc1 Bg4 28.f3 Bxg5 29.Bxg5 Bxf3
30.Bxf6 Rf7 31.Bg5 Qf5 32.Be3 Bxd1 33.Qxd1 Rbf8 34.Bg2 Qd7 35.a4 h5 36.h4 Kh7
37.Kh2 Qd8 38.Be4 Kg7 39.Qd2 Kh7 40.Qxa5 Rf4 41.Bxf4 exf4 42.Qc3 Kh6 43.Kg2 g5
44.Bc2 Rf6 45.Qxf6+  1-0

[Event "5th Open"]
[Site "Kalamaria GRE"]
[Date "2008.08.08"]
[Round "7"]
[White "Iotov,V"]
[Black "Saravanan,V1"]
[Result "1/2-1/2"]
[WhiteElo "2519"]
[BlackElo "2405"]

1.d4 Nf6 2.c4 g6 3.Nc3 Bg7 4.e4 d6 5.Nf3 O-O 6.Be2 e5 7.O-O Nc6 8.d5 Ne7
9.Ne1 Nd7 10.Be3 f5 11.f3 f4 12.Bf2 g5 13.Rc1 Rf6 14.c5 Nxc5 15.b4 Na6 16.Nb5 Rh6
17.Nxa7 Bd7 18.Bxa6 bxa6 19.Qc2 g4 20.Qxc7 Qe8 21.fxg4 Bxg4 22.Nc6 Nxc6 23.dxc6 Qh5
24.h4 Bf6 25.Qb7 Rf8 26.Rc3 Bxh4 27.Bxh4 Qxh4 28.Nf3 Bxf3 29.Rcxf3 Qh2+ 30.Kf2 Rg6
31.Rg1 Rg3 32.Kf1 Kh8 33.Qe7 Rfg8 34.Qf6+ R8g7 35.Qf8+ Rg8 36.Qf6+ R8g7 37.Qf8+  1/2-1/2

[Event "FSGM August"]
[Site "Budapest HUN"]
[Date "2008.08.10"]
[Round "9"]
[White "Genutis,M"]
[Black "Cabrera Trujillo,J"]
[Result "0-1"]
[WhiteElo "2317"]
[BlackElo "2423"]

1.d4 Nf6 2.c4 g6 3.Nc3 Bg7 4.e4 d6 5.Nf3 O-O 6.Be2 e5 7.O-O Nc6 8.d5 Ne7
9.b4 Ne8 10.c5 f5 11.Nd2 Nf6 12.f3 f4 13.Nc4 g5 14.a4 Ng6 15.Ba3 Rf7 16.b5 dxc5
17.Bxc5 h5 18.a5 g4 19.b6 g3 20.Kh1 Nh7 21.Nb5 Qh4 22.Bg1 Bh3 23.gxh3 Qxh3
24.Rf2 gxf2 25.Bxf2 axb6 26.axb6 Rxa1 27.Qxa1 cxb6 28.d6 Nh4 29.Qg1 Nxf3
30.Qg2 Nfg5 31.Qxh3 Nxh3 32.Bxb6 f3 33.Bf1 N7g5 34.Nd2 Rf4 35.Nc3 Rg4 36.Nxf3 Bf6
37.Nd5 Bd8 38.Nxg5 Bxb6 39.Nxh3 Bd8 40.Nf2 Rg6 41.d7 Rc6 42.Kg2 Kf7 43.Kf3 Ke6
44.Nd1 Rc1 45.Bh3+ Kd6 46.N1e3 b5 47.Bf5 Kc5 48.Ke2 b4 49.Kd2 Rh1 50.h3 b3
51.Kc3 Rb1 52.Bg6 h4 53.Bf5 Ba5+ 54.Kd3 Rc1 55.d8=Q Bxd8 56.Nc3 Ba5 57.Na4+ Kb4
58.Nb2 Kc5 59.Ned1 Rc2 60.Be6 Rd2+ 61.Ke3 Rh2 62.Nd3+ Kd6 63.Bxb3 Rxh3+ 64.Ke2 Bb6
65.Bd5 Rg3 66.N1f2 h3 67.Nxh3 Rxh3 68.Ne1 Re3+ 69.Kd2 Bd4 70.Nd3 Rh3 71.Kc2 Rh2+
72.Kb3 Rd2 73.Kc4 Rc2+ 74.Kb4 Rc3 75.Bc4 Ke7 76.Kb5 Kf6 77.Nb4 Kg5 78.Na2 Rc2
79.Nb4 Rb2 80.Ka4 Kg4 81.Nd3 Rb8 82.Nb4 Kf3 83.Bd5 Ke3 84.Nc6 Rb1 85.Nb4 Kd2
86.Na2 Bc5 87.Bb3 Kd3 88.Bd5 Kc2 89.Ka5 Rb8 90.Ka4 Bd6 91.Ka5 Kb2 92.Ka4 Rb6
93.Ka5 Rb8 94.Ka4 Kc2 95.Ka5 Rb1 96.Ka4 Bc5 97.Ka5 Rb6 98.Ka4 Kb2 99.Ka5 Rb8
100.Ka4 Kc2 101.Ka5 Be7 102.Ka4 Kb2 103.Ka5 Rd8 104.Nb4 Bxb4+ 105.Kxb4 Rc8
106.Be6 Rc7 107.Bd5 Kc2 108.Ba8 Kd3 109.Bd5 Rc1 110.Kb3 Re1 111.Kb2 Rxe4
112.Bxe4+ Kxe4 113.Kc2 Ke3 114.Kd1 Kf2  0-1

[Event "Open"]
[Site "Stare Mesto CZE"]
[Date "2008.08.10"]
[Round "4"]
[White "Buran,J"]
[Black "Mitura,K"]
[Result "1-0"]
[WhiteElo "2180"]
[BlackElo "1982"]

1.d4 Nf6 2.c4 g6 3.Nc3 Bg7 4.e4 d6 5.Nf3 O-O 6.Be2 e5 7.O-O Nc6 8.d5 Ne7
9.b4 a5 10.Ba3 axb4 11.Bxb4 Ne8 12.c5 f5 13.Ng5 Kh8 14.Bb5 Nc6 15.Nf7+ Rxf7
16.dxc6 bxc6 17.Bxc6 Rb8 18.Qa4 Bd7 19.Nd5 Bxc6 20.Qxc6 dxc5 21.Bxc5 fxe4
22.a4 Rd7 23.Ne3 Nf6 24.a5 Bf8 25.a6 Bxc5 26.Qxc5 Qe8 27.a7 Ra8 28.Qc6 Kg7
29.Ra6 Qd8 30.h3 Rd6 31.Qb7 Rxa6 32.Qxa6 Qd4 33.Ra1 Qd6 34.Qa3 c5 35.Nc4 Qc7
36.Qa6 Nd7 37.Ra5 Kh6 38.Ra3 Kg7 39.Ra2 Kh6 40.Ra3 Kg7 41.Ra1 Kf8 42.Nd6 Qb6
43.Qc8+  1-0

[Event "Acropolis Open"]
[Site "Athens GRE"]
[Date "2008.08.11"]
[Round "3"]
[White "Kotanjian,T"]
[Black "Aloma Vidal,R"]
[Result "0-1"]
[WhiteElo "2578"]
[BlackElo "2388"]

1.d4 Nf6 2.c4 g6 3.Nc3 Bg7 4.e4 d6 5.Nf3 O-O 6.Be2 e5 7.O-O Nc6 8.d5 Ne7
9.b4 Nh5 10.Re1 a5 11.bxa5 Rxa5 12.Nd2 Nf4 13.Bf1 c5 14.a4 Ra6 15.Ra3 Nh5
16.Nb5 Nf6 17.Bb2 Ne8 18.Qe2 h5 19.f4 exf4 20.Bxg7 Nxg7 21.e5 Nef5 22.exd6 Ne3
23.Ne4 Re8 24.Nxc5 Rxd6 25.Qf2 Rf6 26.a5 g5 27.Bd3 g4 28.Ne4 Rxe4 29.Bxe4 Nxc4
30.Rc3 Ne3 31.d6 Bd7 32.Nc7 Ba4 33.Bxb7 Qxd6 34.Ne8 Nxe8 35.Rcc1 Nc7 36.Qb2 Re6
37.a6 Nd1 38.Rexd1 Bxd1 39.Qc3 f3 40.a7 Qb6+ 41.Qc5 Re1+ 42.Kf2 Qb2+ 43.Kg3 Qxg2+
44.Kf4 Qd2+ 45.Kg3 h4+ 46.Kxh4 Qxh2+ 47.Kxg4 f2+ 48.Rxd1 Rxd1  0-1

[Event "XXI Virxe Peregrina Open"]
[Site "Pontevedra ESP"]
[Date "2008.08.12"]
[Round "3"]
[White "Rodriguez Tojeira,J"]
[Black "Rodriguez Calvo,M"]
[Result "0-1"]
[WhiteElo "1804"]
[BlackElo "2167"]

1.d4 Nf6 2.c4 g6 3.Nc3 Bg7 4.e4 d6 5.Nf3 O-O 6.Be2 e5 7.O-O Nc6 8.d5 Ne7
9.Bd2 Ne8 10.Ne1 f5 11.Nd3 Nf6 12.f3 f4 13.c5 h5 14.cxd6 cxd6 15.Nf2 g5 16.Rc1 a6
17.b4 Ng6 18.a4 b6 19.Nb1 Ra7 20.Na3 g4 21.fxg4 hxg4 22.Rc3 Rc7 23.Qc2 Rxc3
24.Qxc3 Nh4 25.g3 Ng6 26.Rc1 f3 27.Bf1 Bd7 28.Bxa6 Ne8 29.Bb5 Bxb5 30.Nxb5 Bf6
31.Qc8 Qe7 32.Qxg4 Kg7 33.a5 bxa5 34.bxa5 Qb7 35.Nc3 Bd8 36.Ncd1 Nf6 37.Qc8 Qb5
38.Qc4 Qe8 39.a6 Ne7 40.a7 Bb6 41.Be3 Qh5 42.Bxb6 Rh8 43.h3 Qg5 44.Kh2 Ng4+
45.Nxg4 Rxh3+ 46.Kg1 Qxg4 47.Kf2 Qxg3+ 48.Ke3 Qe1+ 49.Kd3 f2+ 50.Kc2 f1=Q
51.Qxf1 Qxf1 52.a8=Q Qc4+ 53.Kd2 Rd3+ 54.Ke2 Rc3+ 55.Ke1 Qxe4+ 56.Be3 Rxc1
57.Qa3 Rb1 58.Ke2 Qc2+ 59.Kf3 Qxd1+ 60.Ke4 Qxd5+  0-1

[Event "Open"]
[Site "Stare Mesto CZE"]
[Date "2008.08.12"]
[Round "6"]
[White "Buran,J"]
[Black "Horsak,J"]
[Result "1/2-1/2"]
[WhiteElo "2180"]
[BlackElo "2064"]

1.d4 Nf6 2.Nf3 g6 3.c4 Bg7 4.Nc3 d6 5.e4 O-O 6.Be2 Nc6 7.O-O e5 8.dxe5 Nxe5
9.Nd4 Re8 10.h3 h6 11.Be3 Bd7 12.Qd2 Kh7 13.f3 Nc6 14.Rfd1 Nh5 15.Nxc6 Bxc6
16.c5 dxc5 17.Qxd8 Raxd8 18.Bxc5 b6 19.Rxd8 Rxd8 20.Be3 Bd4 21.Kf2 Nf4  1/2-1/2

[Event "Petrovskaya Ladya IM"]
[Site "Peterhof RUS"]
[Date "2008.08.15"]
[Round "6"]
[White "Kaliberda,V"]
[Black "Solovjov,S"]
[Result "0-1"]
[WhiteElo "2328"]
[BlackElo "2434"]

1.d4 Nf6 2.c4 g6 3.Nc3 Bg7 4.e4 d6 5.Nf3 O-O 6.Be2 e5 7.O-O Nc6 8.d5 Ne7
9.b4 Nh5 10.Re1 a5 11.bxa5 Re8 12.g3 Bg4 13.Rb1 Bc8 14.Nd2 Nf6 15.Nb3 Nd7
16.Be3 f5 17.f3 h5 18.Bg5 Nf6 19.c5 f4 20.cxd6 cxd6 21.Na4 Nh7 22.gxf4 Bh3
23.Kh1 Rf8 24.Rg1 exf4 25.Bxe7 Qxe7 26.Rxg6 Qe8 27.Qg1 Bg4 28.Rxg7+ Kxg7
29.Nb6 Rd8 30.Nd4 Ng5 31.Rb3 Kh8 32.Nc4 Rg8 33.Qa1 Rg7 34.Rxb7 Rxb7 35.Ne6+ Kg8
36.Nxg5 Qe7 37.h4 Rdb8 38.Qd4 Rb1+ 39.Kg2 Bd7 40.Nb6 Bb5 41.Bxb5 Rxb5 42.Qc3 Qg7
43.Qxg7+ Kxg7 44.Ne6+ Kh6 45.Nc4 Rg8+ 46.Ng5 Kg6 47.Kh3 Kf6 48.a6 Ke7 49.a4 Rc5
50.Nd2 Rc3 51.e5 dxe5 52.d6+ Kd7 53.Nde4 Rcc8 54.Nf6+ Kxd6 55.Nxh5 Ra8 56.Kg4 Rxa6
57.Nf6 Rf8  0-1

[Event "Open"]
[Site "Ptuj SLO"]
[Date "2008.08.15"]
[Round "8"]
[White "White,K"]
[Black "Bohak,J"]
[Result "1-0"]
[WhiteElo "2064"]
[BlackElo "2144"]

1.Nf3 Nf6 2.c4 g6 3.Nc3 Bg7 4.d4 O-O 5.e4 d6 6.Be2 e5 7.O-O Nc6 8.d5 Ne7
9.Kh1 Nh5 10.g3 Kh8 11.Ne1 Bh3 12.Rg1 Qd7 13.g4 Nf4 14.Bxf4 exf4 15.Qd3 Bxg4
16.Bxg4 f5 17.Bh3 Rae8 18.exf5 Nxf5 19.Ne4 Qe7 20.Ng5 Bxb2 21.Rb1 Qe5 22.Ne6 Rf7
23.Nf3 Qc3 24.Qxc3+ Bxc3 25.Rxb7 Ba5 26.Rb2 Ng7 27.Nfg5 Rfe7 28.Rgb1 Nh5
29.Bg4 Nf6 30.Bf3 h6 31.Ne4 Nxe4 32.Bxe4 g5 33.f3 Bb6 34.h4 Rxe6 35.dxe6 Rxe6
36.hxg5 hxg5 37.Rh2+  1-0

[Event "Open"]
[Site "Stare Mesto CZE"]
[Date "2008.08.15"]
[Round "9"]
[White "Bujak,J"]
[Black "Kovac,A"]
[Result "0-1"]
[WhiteElo "1950"]
[BlackElo "1969"]

1.d4 Nf6 2.c4 g6 3.Nc3 Bg7 4.e4 d6 5.Nf3 O-O 6.Be2 e5 7.O-O Nc6 8.d5 Ne7
9.Ne1 Ne8 10.Nd3 f5 11.Bd2 Nf6 12.f3 f4 13.c5 g5 14.Rc1 a6 15.Na4 h5 16.Nf2 g4
17.h3 g3 18.Nd3 Ng6 19.Re1 Nh7 20.Bf1 Qh4 21.Qe2 Bd7 22.Nc3 Qd8 23.b4 Nh4
24.Red1 Nxg2 25.Bxg2 Qh4 26.Ne1 Ng5 27.Kf1 Rf6 28.Rc2 Rg6 29.Bc1 Kh8 30.a4 Rg8
31.c6 bxc6 32.dxc6 Bc8 33.Nd5 Bf8 34.Nxc7 Nxh3 35.Nd5 Nf2 36.Nd3 Qh2 37.N5xf4 exf4
38.Bxf4 Bh3 39.Qxf2 gxf2 40.Bxh2 Rxg2 41.Rxf2 Rxh2+ 42.Ke2 Rxf2+ 43.Nxf2 Be6
44.Rh1 Bf7 45.Ng4 Bg7 46.Ne3 Rb8 47.c7 Rc8 48.Nd5 Bh6 49.b5 axb5 50.axb5 Bxd5
51.exd5 Rxc7 52.Rxh5 Kg7 53.Rh1 Rb7 54.Rb1 Kf6 55.Kd3 Ke5 56.Kc4 Be3 57.Rd1 Kf4
58.Kb4 Kxf3 59.Ka5 Bc5 60.Ka4 Ke4 61.Rd2 Bd4 62.Rc2 Kxd5 63.Rc6 Bc5 64.Ka5 Ra7+
65.Ra6 Rxa6+ 66.Kxa6 Kc4 67.b6 Bxb6  0-1

[Event "ch-SCCF State"]
[Site "Los Angeles USA"]
[Date "2008.08.17"]
[Round "3"]
[White "Sevillano,E"]
[Black "Peters,Ja"]
[Result "1-0"]
[WhiteElo "2505"]
[BlackElo "2408"]

1.d4 Nf6 2.c4 g6 3.Nc3 Bg7 4.e4 d6 5.Nf3 O-O 6.Be2 e5 7.O-O Nc6 8.d5 Ne7
9.b4 Nh5 10.g3 f5 11.Ng5 Nf6 12.f3 a5 13.bxa5 Rxa5 14.Qb3 b6 15.Be3 Bh6 16.Kh1 Kg7
17.Qb2 Neg8 18.exf5 gxf5 19.f4 Bxg5 20.fxg5 Nd7 21.Rf2 Nc5 22.Raf1 Ne7 23.g4 Na4
24.Nxa4 Rxa4 25.Bd3 Bb7 26.h3 f4 27.Bxf4 Nxd5 28.Bxe5+ dxe5 29.Qxe5+ Nf6+
30.Kg1 Qxd3 31.gxf6+ Kg8 32.f7+  1-0

[Event "U16 Olympiad"]
[Site "Mersin TUR"]
[Date "2008.08.18"]
[Round "3"]
[White "Rosenthal,Jon"]
[Black "Rindlisbacher,L"]
[Result "1-0"]
[WhiteElo "2248"]
[BlackElo "1980"]

1.d4 Nf6 2.c4 g6 3.Nc3 Bg7 4.e4 d6 5.Be2 O-O 6.Nf3 e5 7.O-O Nc6 8.d5 Ne7
9.Ne1 Nd7 10.Nd3 f5 11.Bd2 Nf6 12.f3 f4 13.c5 g5 14.Rc1 Ng6 15.Nb5 Rf7 16.Ba5 b6
17.cxd6 bxa5 18.dxc7 Qf8 19.Qa4 Bd7 20.Qxa5 Bxb5 21.Qxb5 Qc8 22.d6 a6 23.Qc6 Nd7
24.Qxa8  1-0

[Event "U16 Olympiad"]
[Site "Mersin TUR"]
[Date "2008.08.18"]
[Round "3"]
[White "Kottahachchy,K"]
[Black "Kanli,K"]
[Result "1-0"]
[WhiteElo "1967"]
[BlackElo "1972"]

1.d4 Nf6 2.c4 g6 3.Nc3 Bg7 4.e4 d6 5.Nf3 O-O 6.Be2 e5 7.O-O Nc6 8.d5 Ne7
9.Nd2 Nd7 10.b4 a5 11.bxa5 Rxa5 12.Nb3 Ra8 13.a4 f5 14.f3 f4 15.Ba3 Rf6 16.c5 dxc5
17.Nxc5 Bf8 18.Ne6  1-0

[Event "U16 Olympiad"]
[Site "Mersin TUR"]
[Date "2008.08.18"]
[Round "3"]
[White "Rindlisbacher,J"]
[Black "Nuri,Kam"]
[Result "1/2-1/2"]
[WhiteElo "1999"]
[BlackElo "2168"]

1.d4 Nf6 2.c4 g6 3.Nc3 Bg7 4.e4 O-O 5.Nf3 d6 6.Be2 e5 7.O-O Nc6 8.d5 Ne7
9.b4 Nh5 10.Re1 f5 11.Ng5 Nf6 12.Bf3 c6 13.b5 h6 14.Ne6 Bxe6 15.dxe6 fxe4
16.Nxe4 Nxe4 17.Bxe4 d5 18.cxd5 cxd5 19.Ba3 dxe4 20.Qxd8 Rfxd8 21.Bxe7 Re8
22.Bc5 Rxe6 23.Be3 b6 24.Red1 a6 25.a4 axb5 26.axb5 Rxa1 27.Rxa1 Rd6 28.g3 Rd5
29.Rb1 Rd6 30.Ra1 Rd5  1/2-1/2

[Event "XI Bancpost A"]
[Site "Miercurea Ciuc ROM"]
[Date "2008.08.19"]
[Round "3"]
[White "Orso,M"]
[Black "Antal,T"]
[Result "1-0"]
[WhiteElo "2345"]
[BlackElo "2036"]

1.d4 Nf6 2.Nf3 g6 3.c4 Bg7 4.Nc3 d6 5.e4 O-O 6.Be2 e5 7.O-O Nc6 8.d5 Ne7
9.Bg5 h6 10.Bxf6 Bxf6 11.b4 Bg7 12.Nd2 f5 13.f3 h5 14.c5 Bh6 15.Nc4 a6 16.a4 b6
17.Qd3 Kh7 18.Ra2 f4 19.Nd1 g5 20.Nf2 Rg8 21.h3 Rg6 22.Rc1 Rb8 23.cxd6 cxd6
24.b5 a5 25.Rac2 Bb7 26.Nd2 Rc8 27.Rc6 Bxc6 28.bxc6 Qc7 29.Rb1 Nxc6 30.dxc6 Qxc6
31.Rb5 Qc1+ 32.Nf1 Rc6 33.Rb1 Qc2 34.Qxc2 Rxc2 35.Bd1 Rc6 36.Bb3 Bf8 37.Bd5 Rc3
38.Nd1 Ra3 39.Nb2 g4 40.hxg4 hxg4 41.fxg4 Rxg4 42.Nh2 Rgg3 43.Kf2 Rac3 44.Nf3 Rc2+
45.Kf1 Rcxg2 46.Nc4 Rc2 47.Ncd2 Rc3 48.Kf2 Rc2 49.Kf1 Be7 50.Rxb6 Rc3 51.Rb7 Rg7
52.Ke2 Bd8 53.Rxg7+ Kxg7 54.Nc4 Bc7 55.Nh4 Kf6 56.Nf5 Bb8 57.Kd2 Rh3 58.Nxa5 f3
59.Nc6 Bc7 60.a5 f2 61.Ke2 Rf3 62.Kf1 Ra3 63.Kxf2 Bxa5 64.Nxa5 Rxa5 65.Nxd6 Ra3
66.Nc4 Rc3 67.Ke2 Rh3 68.Kd2 Rg3 69.Nb2 Ra3 70.Nd3 Ra1 71.Kc3 Rd1 72.Bb3 Rh1
73.Kc4 Rh8 74.Kc3 Rh3 75.Bd5 Rh8 76.Kc4 Rc8+  1-0

[Event "Petrovskaya Ladya IM"]
[Site "Peterhof RUS"]
[Date "2008.08.19"]
[Round "11"]
[White "Bets,A"]
[Black "Fedoseev,Vl3"]
[Result "0-1"]
[WhiteElo "2330"]
[BlackElo "2321"]

1.d4 Nf6 2.c4 g6 3.Nc3 Bg7 4.e4 d6 5.Be2 O-O 6.Nf3 e5 7.O-O Nc6 8.d5 Ne7
9.b4 Nh5 10.Re1 f5 11.Ng5 Nf6 12.Bf3 c6 13.Be3 h6 14.Ne6 Bxe6 15.dxe6 fxe4
16.Nxe4 Nxe4 17.Bxe4 d5 18.Bc5 dxe4 19.Qxd8 Rfxd8 20.Bxe7 Rd4 21.Bc5 Rxc4
22.Rad1 b6 23.Be3 Bf8 24.Rd7 Re8 25.Rxa7 Rxb4 26.Rd1 g5 27.h4 gxh4 28.Rdd7 Rxe6
29.Ra8 Rf6 30.Kh2 Rb5 31.Rdd8 Kg7 32.a4 Rb4 33.a5 bxa5 34.Rxa5 Rb5 35.Ra6 Bc5
36.Ra4 Bxe3 37.fxe3 Rg6 38.Rxe4 Rb2 39.Rxe5 Rbxg2+ 40.Kh3 Rg1 41.Kh2 R6g2+
42.Kh3 Rg5 43.Kh2 Rxe5 44.Kxg1 Rxe3 45.Rd6 Rg3+ 46.Kh2 Rg6 47.Rd4 Kf6 48.Kh3 Ke5
49.Rd2 c5 50.Kxh4 Rc6 51.Re2+ Kd4  0-1

[Event "U16 Olympiad"]
[Site "Mersin TUR"]
[Date "2008.08.20"]
[Round "5"]
[White "Rosenthal,Jon"]
[Black "Kadric,D"]
[Result "1-0"]
[WhiteElo "2248"]
[BlackElo "1904"]

1.d4 Nf6 2.c4 g6 3.Nc3 Bg7 4.e4 d6 5.Be2 O-O 6.Nf3 e5 7.O-O Nc6 8.d5 Ne7
9.Ne1 Nd7 10.Nd3 f5 11.Bd2 Nf6 12.f3 Kh8 13.Rc1 c5 14.Rb1 f4 15.b4 b6 16.bxc5 bxc5
17.Na4 g5 18.Naxc5 dxc5 19.Nxc5 Ng6 20.Bb4 Rg8 21.Nd3 Bf8 22.c5 Nxd5 23.exd5 Qxd5
24.Nf2 Qxa2 25.Ne4 Be7 26.Bd3 Be6 27.Nc3 Bxc5+ 28.Bxc5 Qa5 29.Ne4 Rgd8 30.Qe2 Bf5
31.Rfc1 Rd5 32.Bf2 Rad8 33.Bc4 Bxe4 34.Qxe4 Rd2 35.Qf5 Rf8 36.Qxg5 Rd6 37.h4 Kg7
38.Rb7+  1-0

[Event "U16 Olympiad"]
[Site "Mersin TUR"]
[Date "2008.08.20"]
[Round "5"]
[White "Rindlisbacher,J"]
[Black "Zhou,Y"]
[Result "0-1"]
[WhiteElo "1999"]
[BlackElo "2259"]

1.d4 Nf6 2.c4 g6 3.Nc3 Bg7 4.e4 d6 5.Nf3 O-O 6.Be2 e5 7.O-O Nc6 8.d5 Ne7
9.b4 Nh5 10.Re1 f5 11.Ng5 Nf6 12.Bf3 c6 13.b5 cxd5 14.cxd5 h6 15.Ne6 Bxe6
16.dxe6 Rc8 17.Bb2 fxe4 18.Nxe4 Nxe4 19.Rxe4 Qb6 20.Qe2 Rc5 21.Ba3 Rxb5 22.Bxd6 Rb2
23.Rb4 Rxb4 24.Bxe7 Rb1+ 25.Rxb1 Qxb1+ 26.Qd1 Qxd1+ 27.Bxd1 Re8 28.Bc5 a6
29.Bf3 Bf8 30.Bb6 Kg7 31.Bd5 Kf6 32.g4 Bb4 33.h4 Rxe6 34.Bxe6 Kxe6 35.Kg2 Kd5
36.Kf3 a5 37.Ke2 a4 38.f3 Kc4 39.Bc7 Bc3 40.Bd6 b5 41.Kd1 h5 42.Kc2 b4 43.gxh5 gxh5
44.f4 e4 45.f5 e3 46.Kd1 Kd3  0-1

[Event "U16 Olympiad"]
[Site "Mersin TUR"]
[Date "2008.08.20"]
[Round "6"]
[White "Rindlisbacher,J"]
[Black "Zeytinoglu,N"]
[Result "1-0"]
[WhiteElo "1999"]
[BlackElo "1883"]

1.d4 Nf6 2.c4 g6 3.Nc3 Bg7 4.e4 d6 5.Nf3 O-O 6.Be2 e5 7.O-O Nc6 8.d5 Ne7
9.b4 a5 10.Ba3 axb4 11.Bxb4 Nd7 12.Nd2 f5 13.Nb3 Nf6 14.Qd3 fxe4 15.Nxe4 Nxe4
16.Qxe4 Bf5 17.Qe3 Kh8 18.Rfd1 Ra4 19.Qd2 b6 20.Bc3 Ng8 21.Qb2 Nf6 22.Nd2 Ng4
23.Rf1 Kg8 24.Bd1 Ra8 25.a4 Qd7 26.Bc2 Nf6 27.Rfb1 Nh5 28.Re1 Nf4 29.f3 Bd3
30.Qb1 e4 31.Bxg7 Qxg7 32.Nxe4 Qd4+ 33.Kh1 Qxc4 34.Bxd3 Nxd3 35.Re3 Nf4 36.Rc3 Qxd5
37.Rxc7 Rae8 38.Qb2 Rf7 39.Nf6+ Rxf6 40.Qxf6 Nh5 41.Qc3 Qe6 42.Rc1 Qe2 43.Rc8 Kf7
44.Rxe8 Kxe8 45.Re1  1-0

[Event "XIII Konik Morski Open A"]
[Site "Rewal POL"]
[Date "2008.08.20"]
[Round "1"]
[White "Zierke,O"]
[Black "Baumann,D"]
[Result "0-1"]
[WhiteElo "2327"]
[BlackElo "2069"]

1.d4 Nf6 2.Nf3 g6 3.c4 Bg7 4.Nc3 O-O 5.e4 d6 6.Be2 e5 7.O-O Nc6 8.d5 Ne7
9.Ne1 Nd7 10.Be3 f5 11.f3 f4 12.Bf2 g5 13.Rc1 Ng6 14.c5 Nf6 15.cxd6 cxd6
16.Nb5 g4 17.Nc7 g3 18.Nxa8 Nh5 19.Kh1 Bd7 20.Bg1 Qxa8 21.Rc7 Qd8 22.Rxb7 gxh2
23.Bf2 Bf6 24.Bb5 Bxb5 25.Rxb5 Bh4 26.Nd3 Qg5 27.Qe1 Bxf2 28.Nxf2 Nh4 29.Ng4 Ng3+
30.Kxh2 h5 31.Rf2 hxg4 32.fxg4 Qxg4 33.Rc2 Qh5 34.Kg1 Nf3+  0-1

[Event "XIII Konik Morski Open A"]
[Site "Rewal POL"]
[Date "2008.08.20"]
[Round "1"]
[White "Czartoryski,P"]
[Black "Lahiri,A"]
[Result "0-1"]
[WhiteElo "2089"]
[BlackElo "2338"]

1.d4 Nf6 2.c4 g6 3.Nc3 Bg7 4.e4 d6 5.Be2 O-O 6.Nf3 e5 7.O-O Nc6 8.d5 Ne7
9.b4 a5 10.bxa5 Rxa5 11.a4 b6 12.Nd2 Ra8 13.Nb3 c5 14.dxc6 Nxc6 15.Be3 Be6
16.f3 Qb8 17.Nd5 Nd7 18.Qd2 Nc5 19.Rfb1 Nxa4 20.Ra2 Qb7 21.Rba1 Nc5 22.Rxa8 Nxb3
23.Rxf8+ Kxf8 24.Qd1 Nxa1 25.Qxa1 Nd4 26.Bd3 Bxd5 27.cxd5 Bf6 28.Bh6+ Ke7
29.Be3 Kf8 30.Qa4 Kg7 31.f4 Qc7 32.fxe5 dxe5 33.Qc4 Qd6 34.Qc3 b5 35.Bxd4 exd4
36.Qc6 Qb4 37.Kf1 Qd2 38.Qxb5 Qd1+ 39.Kf2 Bg5 40.Qb1 Be3+ 41.Kg3 Qh5 42.Qb8 Qg5+
43.Kf3 Qf6+ 44.Kg3 g5 45.Kg4 Bf4 46.Qc8 h5+ 47.Kf3 Bxh2+ 48.Qf5 g4+ 49.Ke2 Qxf5
50.exf5 Kf6 51.Bc2 Bd6 52.Kd3 Kxf5 53.Kxd4+ Kf4 54.Bd3 Kg3 55.Be4 f5 56.Bxf5 Kxg2
57.Ke3 g3 58.Ke2 h4 59.Be4+ Kh2 60.Kf1 h3  0-1

[Event "Jessie Gilbert Celebration Int"]
[Site "Coulsdon ENG"]
[Date "2008.08.22"]
[Round "7"]
[White "Lock,G"]
[Black "Foster,JC"]
[Result "1-0"]
[WhiteElo "2232"]
[BlackElo "1948"]

1.Nf3 d6 2.d4 g6 3.c4 Bg7 4.e4 Nf6 5.Nc3 O-O 6.Be2 e5 7.O-O Nc6 8.Be3 Ng4
9.Bg5 f6 10.Bc1 Nh6 11.dxe5 fxe5 12.Bg5 Qd7 13.Nd5 Kh8 14.Rc1 b6 15.Qd2 Nf7
16.Be3 Nfd8 17.b4 Ne6 18.c5 bxc5 19.bxc5 dxc5 20.Bxc5 Ba6 21.Bxf8 Rxf8 22.Bxa6 Rxf3
23.Bb5 Ned4 24.Bxc6 Qg4 25.Rc4  1-0

[Event "U16 Olympiad"]
[Site "Mersin TUR"]
[Date "2008.08.22"]
[Round "7"]
[White "Kottahachchy,K"]
[Black "Rosenthal,Jon"]
[Result "1-0"]
[WhiteElo "1967"]
[BlackElo "2248"]

1.d4 Nf6 2.c4 g6 3.Nc3 Bg7 4.e4 d6 5.Nf3 O-O 6.Be2 e5 7.O-O Nc6 8.d5 Ne7
9.Nd2 a5 10.a3 Nd7 11.Rb1 f5 12.b4 axb4 13.axb4 Kh8 14.Nb3 Nf6 15.f3 c6 16.Be3 cxd5
17.cxd5 Nh5 18.Re1 Bf6 19.Na5 Bh4 20.Rf1 f4 21.Bf2 Ng3 22.Re1 Nxe2+ 23.Qxe2 Bxf2+
24.Qxf2 g5 25.h3 Ng6 26.Nc4 Qe7 27.Nb6 Ra6 28.b5 Ra3 29.Qb2 Qc7 30.Nba4  1-0

[Event "44th Rubinstein Mem Open A"]
[Site "Polanica Zdroj POL"]
[Date "2008.08.22"]
[Round "4"]
[White "Scibior,A"]
[Black "Panocki,A"]
[Result "0-1"]
[WhiteElo "2157"]
[BlackElo "2338"]

1.d4 Nf6 2.c4 g6 3.Nc3 Bg7 4.e4 d6 5.Nf3 O-O 6.Be2 e5 7.O-O Nc6 8.d5 Ne7
9.Nd2 c5 10.a3 a5 11.Rb1 Bd7 12.b4 axb4 13.axb4 b6 14.Qb3 Nc8 15.bxc5 dxc5
16.f4 exf4 17.e5 Ng4 18.Bxg4 Bxg4 19.Rxf4 Qg5 20.Nf3 Bxf3 21.Rxf3 Qxe5 22.Bb2 Qd4+
23.Kh1 Qh4 24.Ne2 Bxb2 25.Rf4 Qe7 26.Qxb2 Re8 27.Ng3 f5 28.Rf2 Qe5 29.Qb5 Nd6
30.Qxb6 Ne4 31.Rfb2 Nc3 32.Rf1 Na4  0-1

[Event "XIII Konik Morski Open A"]
[Site "Rewal POL"]
[Date "2008.08.22"]
[Round "3"]
[White "Krajewicz,P"]
[Black "Klim,K"]
[Result "1-0"]
[WhiteElo "1993"]
[BlackElo "2181"]

1.d4 Nf6 2.c4 g6 3.Nf3 Bg7 4.Nc3 O-O 5.e4 d6 6.Be2 e5 7.O-O Nc6 8.d5 Ne7
9.Ne1 Ne8 10.Be3 f5 11.f3 f4 12.Bf2 h5 13.c5 g5 14.cxd6 cxd6 15.Rc1 Rf6 16.Qc2 Bd7
17.Qb3 Ng6 18.Qxb7 Rf7 19.Qa6 g4 20.Kh1 g3 21.Bg1 gxh2 22.Bf2 Bf6 23.Nb5 Bxb5
24.Bxb5 Nc7 25.Qa5 Nxb5 26.Qxb5 Rb8 27.Qa6 Rd7 28.Nd3 Bh4 29.a3 Kh7 30.Nb4 Qg5
31.Rc8 Rg7 32.Rxb8 Ne7 33.Bg3 fxg3 34.Rb7 Qd2 35.Qxa7 Bf6 36.Qa6 Ng6 37.Rxg7+ Bxg7
38.Qd3 Qxb2 39.Rb1 Qf2 40.Qc2 Qxc2 41.Nxc2 Nf4 42.Ne1 Bf6 43.Rb6 Bd8 44.Rb5 h4
45.a4 h3 46.gxh3 Ba5 47.Rb1 Nxh3 48.Nd3 Bc3 49.Kg2 Ng1 50.Rxg1 hxg1=Q+ 51.Kxg1 Kg6
52.Kg2 Kg5 53.Kxg3 Kh5 54.f4 exf4+ 55.Kxf4 Kg6 56.e5 Bd2+ 57.Ke4 dxe5 58.Nxe5+ Kf6
59.Nc6  1-0